000 01214nam a22001937a 4500
999 _c63004
_d63004
003 Ge_BSU
005 20250430110828.0
008 250430s1983 ge ||||| |||| 00| 0 geo d
041 _ageo
080 _a631.4(479.22)(075.8) ს-32
245 _aსაქართველოს ნიადაგები. საშუალო ნიადაგების მთიანეთის და ბარის ზონა :
_b[დამხმ. სახელმძღვ. უმაღლ. სას.-სამ. ინ-ტის სტუდენტებისათვის] /
_cგ. ტალახაძე, ი. ანჯაფარიძე, ვ. ლატარია და სხვა ; რედ. გ. ტალახაძე.
264 _aთბ. :
_bგანათლება,
_c1983.
300 _a355 გვ. :
_bილ. ;
_c25 სმ.
653 _aსაქართველოს ნიადაგები
700 _aტალახაძე, გ.
_eავტორი
_924974
700 _aანჯაფარიძე, ი.
_eავტორი
_924975
700 _aლატარია, ვ. და სხვ.
_eავტორი
_924976
942 _2udc
_cᲬᲘᲒᲜᲘ